Standards for our schools : (Record no. 14563)

000 -LEADER
fixed length control field 00757nam a22002057a 4500
008 - FIXED-LENGTH DATA ELEMENTS--GENERAL INFORMATION
fixed length control field 161004b xxu||||| |||| 00| 0 eng d
020 ## - INTERNATIONAL STANDARD BOOK NUMBER
International Standard Book Number 0787938947
050 ## - LIBRARY OF CONGRESS CALL NUMBER
Classification number LB 3060.83 .T83 1998
100 ## - MAIN ENTRY--PERSONAL NAME
Personal name Tucker, Marc S.
245 ## - TITLE STATEMENT
Title Standards for our schools :
Remainder of title how to set them ,measure them and reach them/
Statement of responsibility, etc. Marc S. Tucker and Judy B. Codding
250 ## - EDITION STATEMENT
Edition statement 1st ed.
260 ## - PUBLICATION, DISTRIBUTION, ETC. (IMPRINT)
Place of publication, distribution, etc. San Francisco :
Name of publisher, distributor, etc. Jossey-Bass Publishers ,
Date of publication, distribution, etc. c1998.
300 ## - PHYSICAL DESCRIPTION
Extent xiii, 349p. :
Other physical details ill. ;
500 ## - GENERAL NOTE
General note includes index.
650 ## - SUBJECT ADDED ENTRY--TOPICAL TERM
Topical term or geographic name as entry element Education
General subdivision standards
Geographic subdivision United States
650 ## - SUBJECT ADDED ENTRY--TOPICAL TERM
Topical term or geographic name as entry element Educational accountability
Geographic subdivision United States
650 ## - SUBJECT ADDED ENTRY--TOPICAL TERM
Topical term or geographic name as entry element Academic achievement
Geographic subdivision United States
700 ## - ADDED ENTRY--PERSONAL NAME
Personal name Codding, Judy B.
942 ## - ADDED ENTRY ELEMENTS (KOHA)
Source of classification or shelving scheme
Koha item type Hard Covered Materials
Classification part LB 3060.83 .T83 1998
Holdings
Withdrawn status Lost status Source of classification or shelving scheme Damaged status Not for loan Home library Current library Shelving location Date acquired Source of acquisition Total Checkouts Full call number Barcode Date last seen Price effective from Koha item type
          MACHAKOS UNIVERSITY LIBRARY MACHAKOS UNIVERSITY LIBRARY Technical section 04/10/2016 Donation(BFA)   LB 3060.83 .T83 1998 24596 14/06/2018 04/10/2016 Hard Covered Materials
© Machakos University Library, Along The Highway, Machakos Wote Rd, Machakos, Kenya P.O. Box 136 - 90100 Machakos - Kenya

Tel: ( +254 ) 723 805829 OR Fax : 044-20353 OR Email: library@mksu.ac.ke